[Event "Santiago de Cuba Province-ch tt"]
[Site "Santiago de Cuba"]
[Date "2018.10.13"]
[Round "7.3"]
[White "Chala Salas, Daniel Enrique"]
[Black "Rodriguez Ruiz, Jose Manuel"]
[Result "0-1"]
[WhiteElo "1908"]
[BlackElo "1894"]
[PlyCount "80"]
[EventDate "2018.10.09"]
[EventType "team-tourn"]
[EventRounds "10"]
[EventCountry "CUB"]
[SourceTitle "EXT 2021"]
[Source "ChessBase"]
[SourceDate "2020.10.23"]
[SourceVersion "1"]
[SourceVersionDate "2020.10.23"]
[SourceQuality "1"]

1. Nf3 c5 2. e4 Nc6 3. Nc3 e6 4. Bc4 d6 5. d4 cxd4 6. Nxd4 Bd7 7. Be3 a6 8. a4 Nf6 9. f3 Rc8 10. Nxc6 Rxc6 11. Bb3 Be7 12. a5 0-0 13. Ba4 Rc4 14. Bb3 Rc8 15. Bb6 Qe8 16. 0-0 Bc6 17. Qd2 Nd7 18. Be3 Qd8 19. Rfd1 Qc7 20. Qf2 Rfe8 21. Qg3 Nf8 22. Bb6 Qb8 23. h4 h5 24. Ne2 Ng6 25. Bxe6 Bxh4 26. Qxg6 Rxe6 27. Qxh5 Rh6 28. Qg4 Bf6 29. c3 d5 30. exd5 Qh2+ 31. Kf2 Bh4+ 32. Ng3 Re8 33. Re1 Rg6 34. Rxe8+ Bxe8 35. Qc8 Qxg3+ 36. Ke3 Qe5+ 37. Kd3 Qxd5+ 38. Bd4 Re6 39. Qb8 Qf5+ 40. Kd2 Bg5+ 0-1